| 000 | 00851nam a22002537a 4500 | ||
|---|---|---|---|
| 001 | 22215 | ||
| 005 | 20260416174938.0 | ||
| 008 | 260410b |||||||| |||| 00| 0 spa d | ||
| 020 | _a9786125165138 | ||
| 082 |
_a371.33 _bU61 |
||
| 100 | _a, | ||
| 110 | _aUniversidad Católica San Pablo | ||
| 245 | _aSelección de textos para comunicación | ||
| 250 | _aPrimera edición. Primera reimpresión | ||
| 260 |
_aArequipa : _bUniversidad Católica, _c2026 |
||
| 300 |
_a112 páginas : _bilustraciones ; _c24 cm. |
||
| 440 | _a ; | ||
| 650 | _aLYR | ||
| 653 | _aEducación; Materiales de enseñanza | ||
| 654 | _aCTP | ||
| 700 | _aBosco, Jorge | ||
| 856 |
_uhttps://0u20jws50-y-https-www-jstor-org.itmsp.museknowledge.com/action/doBasicSearch?Query=COMUNICACI%C3%93N&so=rel _zVéase además: Base de datos JSTOR |
||
| 942 |
_cLIB _dJUS _fMIP _n0 _2ddc |
||
| 999 |
_c22215 _d22215 |
||